[Event "Asian Zonal 3.3 2019"]
[Site "Ulaanbaatar"]
[Date "2019.04.07"]
[Round "1.17"]
[White "Amgalantengis, Enkh-Amgalan"]
[Black "Baasansuren, Erdene"]
[Result "0-1"]
[WhiteElo "1832"]
[BlackElo "2199"]
[Annotator "TA"]
[PlyCount "86"]
[EventDate "2019.04.07"]
[EventType "swiss"]
[EventRounds "9"]
[EventCountry "MGL"]
[SourceTitle "playchess.com"]
[Source "ChessBase"]
[SourceQuality "1"]

{[%evp 9,86,26,19,-10,0,-19,20,-28,-17,-21,-14,-24,45,38,68,61,263,45,43,39,36,-8,62,-15,-12,-6,-9,-11,-9,-81,-73,-83,-86,-91,-83,-87,-82,-86,-91,-88,-85,-89,-89,-99,-92,-101,-100,-108,-103,-131,-128,-112,-97,-121,-125,-129,-125,-130,-128,-151,-135,-176,-128,-150,-105,-108,-110,-386,-374,-427,-418,-398,-396,-344,-336,-543,-512,-416,-408]} 1. d4 d5 2. c4 e6 3. Nc3 a6 4. cxd5 exd5 5. Nf3 Nf6 {LiveBook: 619 Games} 6. e3 {D37: Queen's Gambit Declined: 5 Bf4} (6. Bg5 Be6 7. e3 Nbd7 8. Bd3 h6 9. Bf4 g5 10. Bg3 Nh5 11. Be5 Nhf6 12. Bg3 Nh5 13. Ne2 Nxg3 14. Nxg3 {1-0 (61) Leko,P (2679)-Caruana,F (2832) Germany 2019}) 6... Bf5 7. Ne5 $146 ({Predecessor:} 7. Be2 Bd6 8. O-O O-O 9. Ne5 c5 10. b3 Re8 11. Bb2 cxd4 12. exd4 {0-1 (55) Franklin,M (2195)-Flear,G (2445) England 1998}) 7... c5 8. Bd3 {The position is equal.} Bxd3 9. Qxd3 Bd6 10. Qf5 Qc7 (10... O-O $11) 11. Ng4 $14 Nxg4 12. Qxg4 cxd4 $2 {[#]} (12... O-O $1 $14) 13. Qxd4 $2 (13. Nxd5 $18 Qc4 14. Qxg7) 13... Be5 14. Nxd5 Qd6 15. Qe4 O-O (15... Nc6 $11 16. f4 O-O-O 17. Qf5+ Kb8 18. fxe5 (18. e4 Bd4 $17) 18... Qxd5) 16. f4 (16. Bd2 $1 $14 Nc6 17. Bc3) 16... Rd8 $36 {[%mdl 2048] Black has some pressure.} 17. Qxe5 Qxe5 18. fxe5 Rxd5 19. Kf2 (19. Bd2 $11 {remains equal.}) 19... Nc6 20. e4 Rxe5 21. Re1 Rae8 22. Bd2 Rxe4 23. Rxe4 Rxe4 $17 {[%mdl 4096] Endgame KRB-KRN} 24. Bc3 f6 25. Rd1 Kf7 26. Rd7+ Re7 27. Rd6 Ke8 28. Kf3 Rd7 29. Rxd7 Kxd7 {KB-KN} 30. Kf4 Ke6 31. h4 Ne7 32. Ke4 Nf5 33. Be1 h5 34. a4 g6 35. a5 Kd6 36. g4 Ng7 37. Bc3 Ke6 38. g5 $2 {[%mdl 8192] [#]} (38. gxh5 $17 Nxh5 39. Bd2) 38... Nf5 $19 39. gxf6 Nxh4 40. Kf4 Nf5 41. Kg5 Kf7 42. b4 $2 (42. Kf4 {might work better.}) 42... Ne3 43. Bd2 Nd5 {Precision: White = 23%, Black = 64%.} 0-1

[Event "Asian Zonal 3.3 2019"]
[Site "Ulaanbaatar"]
[Date "2019.04.07"]
[Round "1.18"]
[White "Surya, Wahyudi"]
[Black "Batbold, Nyamsuren"]
[Result "1-0"]
[WhiteElo "2197"]
[BlackElo "1809"]
[Annotator "TA"]
[PlyCount "43"]
[EventDate "2019.04.07"]
[EventType "swiss"]
[EventRounds "9"]
[EventCountry "MGL"]
[SourceTitle "playchess.com"]
[Source "ChessBase"]
[SourceQuality "1"]

{[%evp 9,43,38,38,35,52,40,43,0,17,-4,35,35,39,37,71,64,77,95,83,81,71,65,115,117,323,318,304,307,473,469,447,441,602,583,585,579]} 1. c4 f5 2. Nc3 Nf6 3. Nf3 e6 4. g3 d5 5. cxd5 exd5 6. Bg2 {A10: English Opening: Unusual Replies for Black} Bd6 7. O-O (7. e3 O-O 8. O-O c6 9. b3 a5 10. Bb2 Qe7 11. Qc2 Na6 12. a3 Bd7 {½-½ (77) Meier,G (2654)-Agdestein,S (2606) Berlin 2015}) 7... O-O 8. Qb3 {White is slightly better.} c6 9. d3 Qb6 10. Qc2 Na6 11. a3 Bd7 12. e4 $146 {[#] Black must now prevent e5.} ({Predecessor:} 12. b4 Rae8 13. Be3 Qc7 14. Rab1 Ng4 15. Bd2 f4 16. h3 Ne5 17. g4 Nxf3+ 18. Bxf3 h5 19. Kg2 Qc8 20. Nxd5 hxg4 21. hxg4 Bxg4 22. Be4 Bh3+ 23. Kh2 f3+ {0-1 (23) Becker,G (1820)-Knoblauch,P (2190) Germany 2010}) 12... fxe4 13. dxe4 dxe4 14. Ng5 Bf5 15. Ncxe4 {Hoping for Qc4+.} Nxe4 16. Bxe4 Qc5 $2 {[#]} (16... Qb5 $16 {is a better defense.}) 17. Qb3+ $1 $18 {[%mdl 64] Double Attack} Kh8 18. Qxb7 Qb6 (18... Nc7 {was called for.} 19. Be3 (19. Bxc6 Bc8 $16) (19. Qxc6 Qxc6 20. Bxc6 Rab8 $16) 19... Qb5 20. Qxb5 (20. Bxc6 Qxb7 21. Bxb7 Rab8 $18) (20. Qxc6 Qxc6 21. Bxc6 Rab8 $18) 20... Nxb5 21. Bxc6 Rab8) 19. Nf7+ {[%mdl 64] Overworked Piece. White is clearly winning.} Rxf7 20. Qxa8+ Nb8 21. Bxf5 Rxf5 22. Be3 {Accuracy: White = 74%, Black = 27%.} 1-0

[Event "Asian Zonal 3.3 2019"]
[Site "Ulaanbaatar"]
[Date "2019.04.07"]
[Round "1.19"]
[White "Erkhes, Bayartnar"]
[Black "Byambaa, Zulzaga"]
[Result "0-1"]
[WhiteElo "1778"]
[BlackElo "2168"]
[Annotator "TA"]
[PlyCount "76"]
[EventDate "2019.04.07"]
[EventType "swiss"]
[EventRounds "9"]
[EventCountry "MGL"]
[SourceTitle "playchess.com"]
[Source "ChessBase"]
[SourceQuality "1"]

{[%evp 10,76,37,22,34,41,52,52,41,44,55,-24,-27,-27,-22,-29,-29,-56,-17,-23,-21,-20,-20,-17,-16,-14,0,-167,-114,-149,-127,-119,-59,-68,-76,-111,-110,-129,-125,-144,-150,-237,-245,-241,-252,-251,-247,-244,-242,-254,-254,-304,-305,-376,-378,-389,-376,-527,-536,-743,-750,-739,-712,-921,-906,-1342,-1325,-29994,-29995]} 1. e4 c5 2. Nf3 d6 3. Bb5+ Nd7 4. d4 cxd4 5. Qxd4 Ngf6 6. Bg5 e5 {B51: Sicilian: Moscow Variation (3 Bb5+) without 3...Bd7} 7. Qd3 a6 8. Bxd7+ Bxd7 {White is slightly better.} 9. O-O h6 (9... Bc6 10. Nc3 Be7 11. Rad1 O-O 12. Bxf6 Bxf6 13. Qxd6 Qxd6 14. Rxd6 Be7 15. Rd3 f6 16. Nd5 {1-0 (46) Alekseev,E (2636)-Zakhartsov,V (2452) Sochi 2016}) 10. Bh4 $146 (10. Bxf6 $1 $14 Qxf6 11. c4) ({Predecessor:} 10. Bxf6 Qxf6 11. c4 Qd8 12. Nc3 Rc8 13. Rfd1 Be6 14. b3 {1-0 (55) Siniauski,A (1932)-Teterev,V (2407) Orsha 2019}) 10... g5 $11 11. Bg3 Be7 $36 {[%mdl 2048] Black is more active.} 12. Nc3 Be6 13. Rfe1 Nd7 14. Nd5 Bxd5 15. exd5 O-O 16. Qf5 Nb6 17. Rad1 Qc8 18. Qxc8 $2 {[#]} (18. Qe4 $11) 18... Rfxc8 (18... Raxc8 $19 19. Nd4 f5) 19. Re2 Rc5 20. Ne1 Bf8 ({Much weaker is} 20... Nxd5 $6 21. Nd3 $15) (20... Rac8 $17 21. f3 Rxd5) 21. Nd3 $15 Rxd5 22. b3 {[#]} Nd7 $1 23. c4 Rd4 24. Ree1 b5 25. cxb5 (25. c5 $17) 25... axb5 $19 26. Nc1 Rxd1 27. Rxd1 f5 {Strongly threatening ...f4.} 28. f3 Kf7 29. Be1 Ke6 30. Kf2 d5 31. Ke2 d4 32. g3 Kd5 33. h3 (33. Kf1 $142) 33... Ba3 34. Nd3 e4 35. Nf2 Bc5 36. g4 Rxa2+ 37. Kf1 e3 38. Nd3 e2+ {[%mdl 64] Double Attack. Accuracy: White = 31%, Black = 67%.} 0-1

[Event "Asian Zonal 3.3 2019"]
[Site "Ulaanbaatar"]
[Date "2019.04.07"]
[Round "1.20"]
[White "Ganbaatar, Ishdagva"]
[Black "Anand, Batsukh"]
[Result "0-1"]
[WhiteElo "2131"]
[BlackElo "1771"]
[Annotator "TA"]
[PlyCount "105"]
[EventDate "2019.04.07"]
[EventType "swiss"]
[EventRounds "9"]
[EventCountry "MGL"]
[SourceTitle "playchess.com"]
[Source "ChessBase"]
[SourceQuality "1"]

{[%evp 10,105,33,23,36,27,31,-12,42,18,25,18,39,28,40,19,17,8,8,-18,0,0,0,-7,0,0,0,-3,2,0,10,0,0,0,-10,-29,-27,-28,-16,-6,-12,-5,0,0,0,0,0,-18,0,0,0,0,0,0,0,0,0,-33,-5,-158,-158,-261,-261,-280,-261,-277,-256,-226,-199,-322,-309,-347,-303,-560,-537,-560,-555,-510,-502,-628,-629,-888,-805,-1600,-1564,-1231,-1226,-1584,-1451,-1584,-1526,-1347,-1294,-1441,-1456,-1433,-1376,-1004]} 1. e4 c5 2. Nf3 e6 3. d4 cxd4 4. Nxd4 a6 5. Nc3 Qc7 6. g4 Bb4 {B43: Sicilian: Kan Variation: 5 Nc3} 7. Bd2 Nf6 8. f3 $146 ({Predecessor:} 8. Bg2 Nc6 9. Nxc6 dxc6 10. g5 Nd7 11. Qe2 Bd6 12. h4 e5 13. O-O-O Nc5 14. f4 exf4 {0-1 (25) Mosquera,M (2393)-Mareco,S (2503) Sao Paulo 2009}) 8... Bd6 ({Black should play} 8... O-O $11) 9. Qe2 Nc6 10. Nxc6 dxc6 11. O-O-O b5 12. h4 Bb7 13. h5 h6 14. Re1 {[#] Black must now prevent e5.} Bg3 15. Rd1 O-O-O 16. Bg2 Rd7 17. Kb1 Rhd8 18. Be3 c5 19. Rxd7 Rxd7 20. Rd1 Bf4 21. Rxd7 Nxd7 22. Nd1 Qd6 23. Kc1 Nb6 24. Bxf4 Qxf4+ 25. Qe3 Qd6 {aiming for ...Nc4.} 26. Bf1 Qd4 (26... Kc7 {keeps more tension.} 27. Be2 Bc6 28. a3 Kb7 29. b3 Kc7) 27. Qxd4 cxd4 $11 {[%mdl 4096] Endgame KBN-KBN} 28. Nf2 e5 29. Nd3 Nd7 30. Kd2 Kc7 31. b4 Kd6 32. Be2 Bc8 33. Ne1 Nb6 34. Ng2 $2 {[#]} (34. c3 $11) 34... Na4 $17 35. Nh4 (35. a3 $17 {might work better.}) 35... Nc3 36. a3 Nb1+ 37. Kc1 Nxa3 38. Ng2 Be6 39. Bd3 (39. Ne1 {was called for.}) 39... Nc4 $19 40. Nh4 Ke7 41. Nf5+ $2 (41. c3) 41... Bxf5 {Black is clearly winning.} 42. exf5 {KB-KN} Nd6 43. Kd2 Kf6 44. Be2 Kg5 45. Kd3 Kf4 46. c3 dxc3 47. Kxc3 Ke3 48. Bd1 f6 49. Kc2 Nc4 50. Kc3 Nd2 51. Kb2 Nxf3 52. Bb3 Nd4 53. Bd5 {Accuracy: White = 38%, Black = 65%.} 0-1

[Event "Asian Zonal 3.3 2019"]
[Site "Ulaanbaatar"]
[Date "2019.04.07"]
[Round "1.21"]
[White "Erkhembayar, Tserentsoodol"]
[Black "Amgalanbaatar, Ravdanlkhumbuu"]
[Result "0-1"]
[WhiteElo "1757"]
[BlackElo "2081"]
[Annotator "NA RC"]
[PlyCount "79"]
[EventDate "2019.04.07"]
[EventType "swiss"]
[EventRounds "9"]
[EventCountry "MGL"]
[SourceTitle "playchess.com"]
[Source "ChessBase"]
[SourceQuality "1"]
[TimeControl "40/5400+30:1800+30"]

1. d4 d6 2. c4 e5 3. d5 Be7 4. Nc3 Bg5 5. e3 f5 6. Bd3 Nf6 7. h3 O-O 8. Nge2 a5 9. O-O Na6 10. f4 exf4 11. exf4 Bh6 12. Nd4 g6 13. Re1 Nc5 14. Bc2 Re8 15. Ncb5 Bd7 16. a4 Nh5 17. Rxe8+ Bxe8 18. Qf3 Rc8 19. g4 c6 20. dxc6 bxc6 21. Nc3 Bg7 22. Be3 fxg4 23. hxg4 Nf6 24. f5 Qb6 25. b3 Nfd7 26. Rf1 Ne5 27. Qh3 Qc7 28. f6 Bf8 29. Nf3 Ne6 30. Nxe5 dxe5 31. g5 Bf7 32. Kf2 Nd4 33. Bxd4 exd4 34. Ne2 Re8 35. Rh1 h5 36. Qh4 Qe5 37. Nf4 Bd6 38. Bxg6 Bxg6 39. Nxg6 Qe2+ 40. Kg1 0-1

[Event "Asian Zonal 3.3 2019"]
[Site "Ulaanbaatar"]
[Date "2019.04.07"]
[Round "1.22"]
[White "Altanbayar, Tserenpeljee"]
[Black "Tenuunbold, Battulga"]
[Result "1-0"]
[WhiteElo "2060"]
[BlackElo "1692"]
[Annotator "NA RC"]
[PlyCount "187"]
[EventDate "2019.04.07"]
[EventType "swiss"]
[EventRounds "9"]
[EventCountry "MGL"]
[SourceTitle "playchess.com"]
[Source "ChessBase"]
[SourceQuality "1"]
[TimeControl "40/5400+30:1800+30"]

1. e4 c5 2. Nf3 Nc6 3. c4 g6 4. d4 cxd4 5. Nxd4 Bg7 6. Be3 d6 7. Nc3 Nf6 8. f3 O-O 9. Qd2 Bd7 10. Be2 Rc8 11. O-O Ne5 12. b3 Qa5 13. a3 a6 14. Rfc1 Rfe8 15. Qe1 h5 16. Qf2 Qc7 17. b4 Qb8 18. Qf1 Rc7 19. Nb3 Be6 20. Nd5 Bxd5 21. cxd5 Rec8 22. Rxc7 Rxc7 23. Rc1 Qc8 24. Rxc7 Qxc7 25. Qc1 Qxc1+ 26. Bxc1 b5 27. Nd4 Nfd7 28. Be3 Nb6 29. Nc6 Nbc4 30. Bc1 Kf8 31. Nxe5 Bxe5 32. Kf2 Bd4+ 33. Ke1 Be3 34. Bxe3 Nxe3 35. Kd2 Nxg2 36. a4 bxa4 37. Bxa6 Ke8 38. Bb5+ Kd8 39. Bxa4 e5 40. Bb5 f5 41. Bf1 Nf4 42. h4 Kc7 43. Ke3 Kb6 44. Kf2 Kc7 45. Bb5 Kb6 46. Bf1 Kc7 47. Ke3 Kb6 48. Kd2 Kc7 49. Kc3 Kb7 50. Kb3 Ka7 51. Ka4 Kb6 52. b5 fxe4 53. fxe4 g5 54. hxg5 Ng6 55. Kb4 h4 56. Kc4 Ka5 57. Kc3 Nf4 58. Kc2 Nh5 59. Kd2 Ng3 60. Bg2 h3 61. Bf3 h2 62. Ke3 Kxb5 63. Kf2 Nh5 64. Kg2 Ng7 65. Kxh2 Kb6 66. Kg3 Kc7 67. Bg4 Kd8 68. Kh4 Ke7 69. Bh5 Kf8 70. g6 Ne8 71. Kg5 Kg7 72. Bg4 Nc7 73. Bd7 Na8 74. Kf5 Nb6 75. Bb5 Na8 76. Bd7 Nc7 77. Bc6 Na6 78. Ba4 Nc5 79. Bc2 Nb7 80. Ke6 Kxg6 81. Kd7 Kf6 82. Kc7 Nc5 83. Kxd6 Na6 84. Bd3 Nb4 85. Bb5 Na2 86. Kc7 Nc3 87. Bd3 Na4 88. Kc6 Ke7 89. d6+ Kd8 90. Kd5 Nc3+ 91. Kxe5 Na4 92. Kd5 Nb6+ 93. Kd4 Na4 94. Kd5 1-0

[Event "Asian Zonal 3.3 2019"]
[Site "Ulaanbaatar"]
[Date "2019.04.07"]
[Round "1.23"]
[White "Danzanjunai, Ganbat"]
[Black "Itgelt, Khuyagtsogt"]
[Result "0-1"]
[WhiteElo "1608"]
[BlackElo "2056"]
[Annotator "NA RC"]
[PlyCount "88"]
[EventDate "2019.04.07"]
[EventType "swiss"]
[EventRounds "9"]
[EventCountry "MGL"]
[SourceTitle "playchess.com"]
[Source "ChessBase"]
[SourceQuality "1"]
[TimeControl "40/5400+30:1800+30"]

1. d4 Nf6 2. Nf3 e6 3. Bf4 c5 4. e3 Qb6 5. Nc3 cxd4 6. exd4 Bb4 7. Bd2 Nc6 8. a3 Be7 9. Na4 Qc7 10. Bd3 O-O 11. O-O d5 12. Nc3 h6 13. Ne2 Bd6 14. g3 e5 15. dxe5 Nxe5 16. Nxe5 Bxe5 17. c3 Bh3 18. Re1 Qb6 19. Nd4 Bxd4 20. cxd4 Bg4 21. f3 Bh5 22. Bc3 Rfe8 23. g4 Bg6 24. Bxg6 fxg6 25. Qd3 Nh7 26. h4 Qf6 27. Rxe8+ Rxe8 28. Be1 Qf4 29. Bf2 Nf8 30. Re1 Rxe1+ 31. Bxe1 Ne6 32. Kg2 Qxd4 33. Qxd4 Nxd4 34. Bf2 Nc6 35. Kf1 Kf7 36. Ke2 Ke6 37. f4 a6 38. Bc5 b5 39. Kd3 h5 40. g5 Kf5 41. Ke3 Kg4 42. Bd4 Nxd4 43. Kxd4 Kxh4 44. Kxd5 Kg4 0-1

[Event "Asian Zonal 3.3 2019"]
[Site "Ulaanbaatar"]
[Date "2019.04.07"]
[Round "1.24"]
[White "Amilal, Munkhdalai"]
[Black "Gerelt-Od, Boldbaatar"]
[Result "1-0"]
[WhiteElo "2042"]
[BlackElo "1484"]
[Annotator "NA RC"]
[PlyCount "44"]
[EventDate "2019.04.07"]
[EventType "swiss"]
[EventRounds "9"]
[EventCountry "MGL"]
[SourceTitle "playchess.com"]
[Source "ChessBase"]
[SourceQuality "1"]
[TimeControl "40/5400+30:1800+30"]

1. e4 e6 2. d4 d5 3. e5 c5 4. c3 Qb6 5. Nf3 Nc6 6. Bd3 cxd4 7. cxd4 Bd7 8. Be2 Nge7 9. Na3 Nf5 10. Nc2 Rc8 11. O-O Be7 12. Rb1 O-O 13. Bd3 g6 14. Bxf5 exf5 15. Bh6 f6 16. Re1 Nb4 17. Ne3 Be6 18. a3 Nc6 19. b4 Nd8 20. exf6 Bxf6 21. Ne5 Bxe5 22. dxe5 Re8 1-0

[Event "Asian Zonal 3.3 2019"]
[Site "Ulaanbaatar"]
[Date "2019.04.08"]
[Round "2.1"]
[White "Bersamina, Paulo"]
[Black "Batchuluun, Tsegmed"]
[Result "1-0"]
[WhiteElo "2444"]
[BlackElo "2547"]
[Annotator "TA"]
[PlyCount "75"]
[EventDate "2019.04.07"]
[EventType "swiss"]
[EventRounds "9"]
[EventCountry "MGL"]
[SourceTitle "playchess.com"]
[Source "ChessBase"]
[SourceQuality "1"]

{[%evp 26,75,0,-13,0,0,0,0,0,-70,-64,-66,52,41,46,-49,0,0,0,-42,-47,-45,0,0,80,75,118,118,132,126,162,156,204,202,193,167,177,0,288,268,265,251,268,251,849,842,667,645,1192,1184,2247,2144]} 1. e4 e6 2. d3 d5 3. Nd2 Nf6 4. Ngf3 c5 5. g3 Nc6 6. Bg2 Be7 7. O-O O-O 8. e5 Nd7 9. Re1 b5 10. Nf1 a5 11. h4 b4 12. Bf4 Ba6 13. N1h2 a4 14. a3 bxa3 {C00: French: Unusual White 2nd moves} 15. bxa3 c4 16. d4 c3 {The position is equal.} 17. Be3 $146 (17. h5 $11) ({Predecessor:} 17. Ng4 Qb6 18. h5 Rfc8 19. h6 g6 20. Ne3 Ra7 21. Bh3 {½-½ (68) Johansson,K (2457)-Percze,J (2526) ICCF email 2014}) 17... Nb6 $15 18. Ng5 Qc8 ({Black should play} 18... h6 $15 19. Nh3 Nc4) 19. Qh5 $1 $14 {[%csl Gg5][%cal Rh5h7]} Bxg5 $1 20. Qxg5 (20. hxg5 $14 Qe8 21. Qh3) 20... Kh8 21. Ng4 Qd8 22. Qh5 {Strongly threatening Bg5.} Qe8 23. Qg5 Qd8 24. Qf4 Ne7 {[#]} (24... Qe7 $1 $11 {keeps the balance.}) 25. h5 $1 $16 Ng8 26. h6 g6 27. Qf3 Nd7 28. Rab1 Rb8 29. Rxb8 Qxb8 30. Bg5 Qb2 {[#]} 31. Re3 $2 (31. Ne3 $1 $18) 31... Qxc2 $2 {[%mdl 8192]} (31... Qxa3 $11 32. Re1 (32. Rxc3 Qa1+ 33. Kh2 Be2 $11) 32... Qb4) 32. Rxc3 $18 Qb1+ 33. Rc1 Qb7 34. Kh2 Qa7 $2 (34... Bb5 35. Qe3 Qb6) 35. Rc6 {White is clearly winning.} Bb5 36. Rd6 {White wants to mate with Rxd7!} ({Not} 36. Rc5 Qb6 $16) 36... f5 37. exf6 Qxd4 38. f7 {[%mdl 64] Trapped Piece. Accuracy: White = 64%, Black = 29%.} 1-0

[Event "Asian Zonal 3.3 2019"]
[Site "Ulaanbaatar"]
[Date "2019.04.08"]
[Round "2.2"]
[White "Megaranto, Susanto"]
[Black "Nguyen, Van Huy"]
[Result "1/2-1/2"]
[WhiteElo "2523"]
[BlackElo "2436"]
[Annotator "TA"]
[PlyCount "96"]
[EventDate "2019.04.07"]
[EventType "swiss"]
[EventRounds "9"]
[EventCountry "MGL"]
[SourceTitle "playchess.com"]
[Source "ChessBase"]
[SourceQuality "1"]

{[%evp 21,96,0,0,0,0,0,0,0,0,-18,-26,-24,-27,-21,0,0,0,0,0,0,0,0,0,0,0,0,0,0,0,0,0,0,6,0,20,14,32,21,48,26,26,27,29,25,20,18,12,9,26,25,31,30,28,29,37,0,5,0,130,130,124,81,132,102,81,24,23,8,16,0,0,0,0,0,0,0,6]} 1. e4 c6 2. c4 d5 3. exd5 cxd5 4. cxd5 Nf6 5. Nc3 Nxd5 6. Nf3 e6 7. Bc4 Be7 8. O-O O-O 9. d4 Nc6 10. Re1 Nxc3 11. bxc3 b6 12. Bf4 {D41: Queen's Gambit Declined: Semi-Tarrasch with 5 cxd5} (12. Bd3 Bb7 13. h4 Bxh4 14. Nxh4 Qxh4 15. Re3 g6 16. Rh3 Qf6 17. Bh6 Rfe8 18. Qd2 e5 19. d5 Ne7 20. Bg5 Qd6 21. c4 f6 {1-0 (42) Illescas Cordoba,M (2605)-Volkov,S (2557) Barcelona 2018}) 12... Bb7 13. Bd3 Rc8 14. Re3 $146 ({Predecessor:} 14. Rc1 Na5 15. Ne5 Qd5 16. Be4 Qd8 17. Bxb7 Nxb7 18. Qd3 Bf6 19. h3 Nc5 20. dxc5 Rxc5 21. Qg3 Re8 22. Ng4 g6 23. Rcd1 Rd5 24. Rxd5 {1-0 (24) Thomas,G (1186)-Anderson,L (1193) LSS email 2011}) 14... g6 15. Be4 Na5 {[%cal Bc6a5,Ba5b7,Bb7d6,Bd6f5][%mdl 32]} 16. Bxb7 Nxb7 17. Ne5 Bg5 18. Qg4 Bxf4 19. Qxf4 Nd6 20. Rae1 Nf5 {Strongly threatening ...f6.} 21. Rh3 f6 22. Ng4 Qd5 23. a3 Rc6 24. Nh6+ Nxh6 25. Qxh6 {[%csl Gh3][%cal Rh6h7]} Rf7 26. Rhe3 Rfc7 27. h4 Rf7 28. Rg3 Qd6 (28... Qd8 {seems wilder.} 29. Re2 Rfc7 30. Rge3 Qd5 31. a4 Rg7) 29. a4 Qf8 30. Qf4 (30. Qd2 {keeps more tension.} Qd6 31. h5 g5 32. h6 Kf8 33. Qe3) 30... Qd6 31. Qg4 f5 32. Qe2 f4 33. Rf3 Rf5 34. Qa2 Kg7 35. Re4 Qd5 36. Qe2 a5 37. Qe1 Qd6 38. Qc1 Rc4 39. Rfxf4 Rxa4 (39... Rxf4 $11 {remains equal.} 40. Rxf4 Qc7) 40. Rxf5 $1 $16 exf5 $11 {[%mdl 4096] Endgame [#] KQR-KQR} 41. Re5 $1 Qf6 {[#]} 42. h5 $1 {[%mdl 512]} f4 (42... gxh5 43. Qe1) 43. hxg6 ({White should play} 43. Re4 $16) 43... hxg6 44. Qe1 Ra2 {The position is equal.} 45. Qb1 Rd2 46. Qc1 Ra2 47. Qb1 Rd2 48. Qc1 Ra2 {Accuracy: White = 70%, Black = 73%.} 1/2-1/2

[Event "Asian Zonal 3.3 2019"]
[Site "Ulaanbaatar"]
[Date "2019.04.08"]
[Round "2.3"]
[White "Nasanjargal, Urtnasan"]
[Black "Nguyen, Duc Hoa"]
[Result "1-0"]
[WhiteElo "2482"]
[BlackElo "2433"]
[Annotator "TA"]
[PlyCount "89"]
[EventDate "2019.04.07"]
[EventType "swiss"]
[EventRounds "9"]
[EventCountry "MGL"]
[SourceTitle "playchess.com"]
[Source "ChessBase"]
[SourceQuality "1"]

{[%evp 14,89,20,14,16,19,35,27,18,17,15,14,10,0,0,0,0,-146,0,0,0,0,0,0,0,0,0,0,0,0,42,29,28,43,68,73,518,210,322,317,317,316,316,316,316,316,426,329,426,426,418,372,380,372,425,425,418,418,418,418,411,411,411,400,385,324,614,614,629,629,622,616,604,599,599,578,525,524]} 1. c4 e6 2. Nf3 d5 3. g3 c6 4. d4 Nf6 5. Bg2 Bd6 6. Nc3 Nbd7 7. Nd2 O-O 8. O-O Be7 {E01: Catalan: Early deviations} (8... c5 9. cxd5 exd5 10. dxc5 Nxc5 11. Nb3 Nxb3 12. axb3 Be6 13. Nxd5 Nxd5 14. Bxd5 Qe7 15. Bxe6 Qxe6 16. Ra4 {1-0 (33) Ivanisevic,I (2630)-Todorovic,G (2457) Kragujevac 2017}) 9. e4 dxe4 10. Ndxe4 Nxe4 {White has an edge.} 11. Nxe4 e5 12. d5 {Black should prevent d6.} f5 13. Ng5 $146 (13. Nc3 {with more complications.} e4 14. f3 exf3 15. Qxf3 Ne5 16. Qe2) ({Predecessor:} 13. d6 fxe4 14. dxe7 Qxe7 15. Bxe4 Nc5 16. Bg2 {1-0 (52) Kantor,G (2481)-Manea,A (2410) Zalakaros 2017}) 13... Bxg5 14. dxc6 bxc6 {...Bxc1 is the strong threat.} 15. Bxc6 {[#]} (15. Bxg5 $11 Qxg5 16. Bxc6 {[%mdl 64] Double Attack}) 15... Rb8 ({Black should try} 15... Bxc1 $1 $17 {[%mdl 512]} 16. Qd5+ (16. Rxc1 Rb8) 16... Rf7 17. Bxa8 Bxb2) 16. Bxd7 $11 {Threatens to win with Qd5+.} Qxd7 17. Bxg5 Rxb2 18. Qd5+ Qxd5 19. cxd5 Bd7 20. Rfe1 Re8 21. Rab1 Rxa2 22. Rb7 Bc8 23. Rc7 {Strongly threatening Rec1.} h6 {[#]} 24. Bf4 $1 $36 {[%mdl 2560] Keeping Black busy.} Rb2 $2 {[%mdl 8192]} (24... Be6 $16 {is more resistant.}) (24... exf4 25. Rxe8+) 25. d6 (25. Rxe5 $142 Rxe5 26. Rxc8+ (26. Bxe5 Rb1+ 27. Kg2 Bb7 $16) 26... Re8 27. Rxe8+ Kf7 28. Re5) 25... Rb7 (25... Rd8 $142) 26. d7 $1 $18 {[%cal Rd7e8][%mdl 64] Deflection} ({Less strong is} 26. Bxe5 Rxc7 27. dxc7 a5 $16) (26. Rxe5 Rd8 $16) 26... Bxd7 27. Rxb7 exf4 28. Rxe8+ Bxe8 29. gxf4 {[%mdl 4096] Endgame KR-KB} a5 30. Re7 Kf8 31. Ra7 a4 32. Kf1 Bb5+ 33. Ke1 Kg8 34. Kd2 Kh7 35. Kc3 Kg6 36. Kb4 Be8 37. Re7 Bf7 38. Kxa4 Kf6 39. Ra7 g5 $2 (39... Bc4 40. Kb4 Be2) 40. Ra6+ {White is clearly winning.} Be6 41. Kb4 gxf4 42. Kc3 Ke5 43. Kd3 h5 44. Ra5+ Kf6 45. h4 {Accuracy: White = 67%, Black = 36%.} 1-0

[Event "Asian Zonal 3.3 2019"]
[Site "Ulaanbaatar"]
[Date "2019.04.08"]
[Round "2.4"]
[White "Amartuvshin, Ganzorig"]
[Black "Gundavaa, Bayarsaikhan"]
[Result "1/2-1/2"]
[WhiteElo "2373"]
[BlackElo "2481"]
[Annotator "RC"]
[PlyCount "72"]
[EventDate "2019.04.07"]
[EventType "swiss"]
[EventRounds "9"]
[EventCountry "MGL"]
[SourceTitle "playchess.com"]
[Source "ChessBase"]
[SourceQuality "1"]
[TimeControl "40/5400+30:1800+30"]

1. d4 Nf6 2. c4 e6 3. Nf3 d5 4. Nc3 a6 5. cxd5 exd5 6. Bg5 Be6 7. e3 Nbd7 8. Bd3 Bd6 9. O-O c6 10. e4 dxe4 11. Nxe4 Be7 12. Ng3 O-O 13. Re1 Re8 14. Ne5 Qb6 15. Nxd7 Nxd7 16. Bxe7 Rxe7 17. Nf5 Ree8 18. Nd6 Rf8 19. Bf5 Bxf5 20. Nxf5 Nf6 21. Qd2 Nd5 22. Re5 f6 23. Re4 Rae8 24. Rg4 g6 25. h4 Qc7 26. Qh6 Qd7 27. Qh5 Nf4 28. Nh6+ Kg7 29. Qf5 Ne6 30. h5 g5 31. Re1 Kxh6 32. Rge4 Qd5 33. Qxd5 cxd5 34. Rxe6 Rxe6 35. Rxe6 Kxh5 36. Re7 Kg6 1/2-1/2